000 00367nam a2200133Ia 4500
008 151001s9999||||xx |||||||||||||| ||und||
100 _aगो. ना. दातार
245 _aकालिकामूर्ती
250 _a7
260 _bश्रीराम बुक एजन्सी
260 _c1992
300 _a495
365 _b21
999 _c971663
_d971660